|
|
|
|
| LEADER |
04858nam a22006015i 4500 |
| 001 |
978-1-4419-6181-5 |
| 003 |
DE-He213 |
| 005 |
20151204183049.0 |
| 007 |
cr nn 008mamaa |
| 008 |
101125s2011 xxu| s |||| 0|eng d |
| 020 |
|
|
|a 9781441961815
|9 978-1-4419-6181-5
|
| 024 |
7 |
|
|a 10.1007/978-1-4419-6181-5
|2 doi
|
| 040 |
|
|
|d GrThAP
|
| 050 |
|
4 |
|a HD30.23
|
| 072 |
|
7 |
|a KJT
|2 bicssc
|
| 072 |
|
7 |
|a KJMD
|2 bicssc
|
| 072 |
|
7 |
|a BUS049000
|2 bisacsh
|
| 082 |
0 |
4 |
|a 658.40301
|2 23
|
| 245 |
1 |
0 |
|a Decision Support
|h [electronic resource] :
|b An Examination of the DSS Discipline /
|c edited by David Schuff, David Paradice, Frada Burstein, Daniel J. Power, Ramesh Sharda.
|
| 264 |
|
1 |
|a New York, NY :
|b Springer New York,
|c 2011.
|
| 300 |
|
|
|a XX, 224 p. 59 illus.
|b online resource.
|
| 336 |
|
|
|a text
|b txt
|2 rdacontent
|
| 337 |
|
|
|a computer
|b c
|2 rdamedia
|
| 338 |
|
|
|a online resource
|b cr
|2 rdacarrier
|
| 347 |
|
|
|a text file
|b PDF
|2 rda
|
| 490 |
1 |
|
|a Annals of Information Systems,
|x 1934-3221 ;
|v 14
|
| 505 |
0 |
|
|a Foreword -- Chapter 1: GDSS Past, Present, and Future -- Chapter 2: Reflections on the Past and Future of Decision Support Systems: Perspective of Eleven Pioneers -- Chapter 3: The Intellectual Structure of Decision Support Systems Research (1991-2004) -- Chapter 4 -- Ethical Decision-Making and Implications for Decision Support -- Chapter 5: Web and Mobile Spatial Decision Support as Innovations: Comparison of United States and Hong Kong, China -- Chapter 6: Knowledge Management Capability in Education -- Chapter 7: Knowledge Warehouse Design for Decision Support in Critical Business Processes: Conceptual Modeling and Requirements Elicitation -- Chapter 8: Agent-based Modeling and Simulation as a Tool for Decision Support for Managing Patient Falls in a Dynamic Hospital Setting -- Chapter 9: Context-aware Mobile Medical Emergency Management Decision Support System for Safe Transportation -- Chapter 10: General Motors Bailout Problem: A Teaching Case Using the Planners Lab™ Software -- Chapter 11: Assessing Today: Determining the Value of Decision Support Systems.
|
| 520 |
|
|
|a Foreword David Schuff, David Paradice, Frada Burstein, Daniel J. Power, and Ramesh Sharda Chapter 1: GDSS Past, Present, and Future Paul Gray, Bob Johansen, Jay Nunamaker, Jeff Rodman, and Gerald R. Wagner Chapter 2: Reflections on the Past and Future of Decision Support Systems: Perspective of Eleven Pioneers Frada Burstein, Dan Powers, and Ramesh Sharda Chapter 3: The Intellectual Structure of Decision Support Systems Research (1991-2004) Sean Eom Chapter 4: Ethical Decision-Making and Implications for Decision Support John R. Drake, Dianne J. Hall, and Teresa Lang Chapter 5: Web and Mobile Spatial Decision Support as Innovations: Comparison of United States and Hong Kong, China James B. Pick Chapter 6: Knowledge Management Capability in Education Jeremy Hodges and Ronald Freeze Chapter 7: Knowledge Warehouse Design for Decision Support in Critical Business Processes: Conceptual Modeling and Requirements Elicitation Meira Levy, Nava Pliskin, and Gilad Ravid Chapter 8: Agent-based Modeling and Simulation as a Tool for Decision Support for Managing Patient Falls in a Dynamic Hospital Setting Gokul Bhandari, Ziad Kobti, Anne Snowdon, Ashish Nakhwal, Shamual Rahaman, and Carol Kolga Chapter 9: Context-aware Mobile Medical Emergency Management Decision Support System for Safe Transportation Frada Burstein, Pari Delir Haghighi, and Arkady Zaslavsky Chapter 10: General Motors Bailout Problem: A Teaching Case Using the Planners LabTM Software Jim Courtney, Kristen Brewer, Randy Kuhn, and Gerald R. Wagner Chapter 11: Assessing Today: Determining the Value of Decision Support Systems Gloria Phillips-Wren, Manuel Mora, and Guisseppi Forgionne.
|
| 650 |
|
0 |
|a Business.
|
| 650 |
|
0 |
|a Operations research.
|
| 650 |
|
0 |
|a Decision making.
|
| 650 |
|
0 |
|a Information technology.
|
| 650 |
|
0 |
|a Business
|x Data processing.
|
| 650 |
|
0 |
|a Computers.
|
| 650 |
|
0 |
|a Management information systems.
|
| 650 |
|
0 |
|a Computer science.
|
| 650 |
1 |
4 |
|a Business and Management.
|
| 650 |
2 |
4 |
|a Operation Research/Decision Theory.
|
| 650 |
2 |
4 |
|a IT in Business.
|
| 650 |
2 |
4 |
|a Information Systems and Communication Service.
|
| 650 |
2 |
4 |
|a Management of Computing and Information Systems.
|
| 700 |
1 |
|
|a Schuff, David.
|e editor.
|
| 700 |
1 |
|
|a Paradice, David.
|e editor.
|
| 700 |
1 |
|
|a Burstein, Frada.
|e editor.
|
| 700 |
1 |
|
|a Power, Daniel J.
|e editor.
|
| 700 |
1 |
|
|a Sharda, Ramesh.
|e editor.
|
| 710 |
2 |
|
|a SpringerLink (Online service)
|
| 773 |
0 |
|
|t Springer eBooks
|
| 776 |
0 |
8 |
|i Printed edition:
|z 9781441961808
|
| 830 |
|
0 |
|a Annals of Information Systems,
|x 1934-3221 ;
|v 14
|
| 856 |
4 |
0 |
|u http://dx.doi.org/10.1007/978-1-4419-6181-5
|z Full Text via HEAL-Link
|
| 912 |
|
|
|a ZDB-2-SBE
|
| 950 |
|
|
|a Business and Economics (Springer-11643)
|